Vozmožnyje posledstvija perechoda k rynočnoj ekonomike: dal'nyje i bližnije.

Strategické smery premien v ZSSR a bývalých krajinách RVHP. Orientácia na trhovú ekonomiku, zmeny vlastníckych vzťahov a konkurencia. Zníženie rozsahu štátneho vlastníctva. Charakter súkromného vlastníctva v súčasnosti a jeho regulácia právnymi a finančnými nástrojmi. Možnosti fungovania štátneho vl...

Full description

Saved in:
Bibliographic Details
Main Author: Kulikov, V.
Format: Book Chapter
Language:Russian
Subjects:
Tags: Add Tag
No Tags, Be the first to tag this record!

MARC

LEADER 00000naa a2200000 4500
001 r004044
005 20221208123037.8
041 0 |a rus 
044 |a [SU] 
245 1 0 |a Vozmožnyje posledstvija perechoda k rynočnoj ekonomike: dal'nyje i bližnije.  |c V. Kulikov 
520 |a Strategické smery premien v ZSSR a bývalých krajinách RVHP. Orientácia na trhovú ekonomiku, zmeny vlastníckych vzťahov a konkurencia. Zníženie rozsahu štátneho vlastníctva. Charakter súkromného vlastníctva v súčasnosti a jeho regulácia právnymi a finančnými nástrojmi. Možnosti fungovania štátneho vlastníctva v trhových vzťahoch. Obdobie prechodu k trhu (voľná tvorba cien, inflácia a i.). 
610 2 0 |a hospodárstvo trhové 
610 2 0 |a ZSSR 
610 2 0 |a vlastníctvo štátne 
610 2 0 |a vlastníctvo súkromné 
610 2 0 |a tvorba cien 
610 2 0 |a inflácia 
610 2 0 |a stratégia hospodárska 
100 1 |a Kulikov, V.